Chemical engineering news (Record no. 67243)

MARC details
000 -LEADER
fixed length control field 00374nam a22001217a 4500
005 - DATE AND TIME OF LATEST TRANSACTION
control field 2010071505525.0
008 - FIXED-LENGTH DATA ELEMENTS--GENERAL INFORMATION
fixed length control field 100715t xxu||||| |||| 00| 0 eng d
245 ## - TITLE STATEMENT
Title Chemical engineering news
260 ## - PUBLICATION, DISTRIBUTION, ETC. (IMPRINT)
Place of publication, distribution, etc Columbus
Name of publisher, distributor, etc American chemical society
653 ## - INDEX TERM--UNCONTROLLED
Uncontrolled term Chemistry
942 ## - ADDED ENTRY ELEMENTS (KOHA)
item type Journal
260 ## - PUBLICATION, DISTRIBUTION, ETC. (IMPRINT)
-- 12076
Holdings
Lost status Source of classification or shelving scheme Not for loan Home library Current library Date acquired Total Checkouts Barcode Date last seen Price effective from Koha item type
  Universal Decimal Classification   University Library University Library 15/07/2010   P27 15/07/2010 15/07/2010 Journal
University Library, CUSAT